[Event "Madrid-ch sf"]
[Site "Madrid"]
[Date "2016.02.22"]
[Round "7"]
[White "Lopez Ziegler, Juan Jose"]
[Black "Fernandez Bonilla, Miguel Arcangel"]
[Result "1/2-1/2"]
[WhiteElo "1574"]
[BlackElo "1829"]
[PlyCount "56"]
[EventDate "2016.02.08"]
[EventType "swiss"]
[EventRounds "9"]
[EventCountry "ESP"]
[SourceTitle "CBM 171 Extra"]
[Source "ChessBase"]
[SourceDate "2016.04.26"]
[SourceVersion "1"]
[SourceVersionDate "2016.04.26"]
[SourceQuality "1"]

1. d4 Nf6 2. Nf3 e6 3. Bf4 d5 4. e3 Bd6 5. Ne5 0-0 6. Nd2 c5 7. c3 Nc6 8. Bd3 Qc7 9. Ndf3 cxd4 10. exd4 Bd7 11. Bg3 Ne4 12. Nxc6 Bxc6 13. Bxd6 Qxd6 14. Ne5 f6 15. Nxc6 Qxc6 16. 0-0 Rae8 17. Re1 Ng5 18. Qe2 a6 19. f4 Nf7 20. Qh5 f5 21. Re3 g6 22. Rg3 Kg7 23. Re1 Nd6 24. Qh4 Qc7 25. Rh3 Kg8 26. Ree3 Qe7 27. Qh6 Qg7 28. Qh4 Qe7 1/2-1/2

[Event "Madrid Codes Memorial 8th"]
[Site "Madrid"]
[Date "2014.04.06"]
[Round "3"]
[White "Melcon Diez, Enrique"]
[Black "Fernandez Bonilla, Miguel Arcangel"]
[Result "0-1"]
[WhiteElo "1606"]
[BlackElo "1758"]
[PlyCount "54"]
[EventDate "2014.03.23"]
[EventType "swiss"]
[EventRounds "9"]
[EventCountry "ESP"]
[SourceTitle "EXT 2015"]
[Source "ChessBase"]
[SourceDate "2014.11.20"]
[SourceVersion "1"]
[SourceVersionDate "2014.11.20"]
[SourceQuality "1"]

1. c4 Nf6 2. Nc3 g6 3. e4 d6 4. d4 Bg7 5. f4 0-0 6. Nf3 c5 7. d5 b5 8. cxb5 a6 9. a4 axb5 10. Bxb5 Ba6 11. Bd2 Qb6 12. Qe2 e6 13. 0-0 exd5 14. exd5 Re8 15. Qc4 Nbd7 16. Rfe1 Bxb5 17. axb5 Qb7 18. Rxa8 Qxa8 19. Rxe8+ Qxe8 20. Qa4 Nb6 21. Qa6 Nc4 22. Bc1 Ng4 23. b6 Bd4+ 24. Kf1 Nce3+ 25. Bxe3 Qxe3 26. Qe2 Nxh2+ 27. Nxh2 Qg1# 0-1

[Event "Madrid Codes Memorial 8th"]
[Site "Madrid"]
[Date "2014.03.30"]
[Round "2"]
[White "Fernandez Bonilla, Miguel Arcangel"]
[Black "Gil Sierra, Jacinto"]
[Result "0-1"]
[WhiteElo "1758"]
[BlackElo "2037"]
[PlyCount "68"]
[EventDate "2014.03.23"]
[EventType "swiss"]
[EventRounds "9"]
[EventCountry "ESP"]
[SourceTitle "EXT 2015"]
[Source "ChessBase"]
[SourceDate "2014.11.20"]
[SourceVersion "1"]
[SourceVersionDate "2014.11.20"]
[SourceQuality "1"]

1. Nf3 d5 2. g3 Nf6 3. Bg2 Bg4 4. 0-0 Nbd7 5. c4 e6 6. Qa4 c6 7. cxd5 exd5 8. d3 Bd6 9. Bg5 Qb6 10. Nbd2 0-0 11. Rac1 Rfe8 12. Rfe1 h6 13. Bxf6 Nxf6 14. Qb3 Qxb3 15. Nxb3 Bb4 16. Nbd2 Bxd2 17. Nxd2 Bxe2 18. Bf1 Bxf1 19. Kxf1 Kf8 20. f3 Rxe1+ 21. Kxe1 Ke7 22. Nb3 Kd6 23. Kf2 Re8 24. Nd4 g6 25. b4 Nd7 26. f4 a6 27. Rc2 c5 28. bxc5+ Nxc5 29. Rc3 b5 30. a3 Rb8 31. Nc2 a5 32. Ke3 b4 33. axb4 axb4 34. Nxb4 Rxb4 0-1

[Event "Madrid Codes Memorial 7th"]
[Site "Madrid"]
[Date "2013.05.05"]
[Round "5"]
[White "Fernandez Bonilla, Miguel Arcangel"]
[Black "Lobato Rivero, Carlos"]
[Result "0-1"]
[WhiteElo "1769"]
[BlackElo "1964"]
[PlyCount "96"]
[EventDate "2013.04.07"]
[EventType "swiss"]
[EventRounds "9"]
[EventCountry "ESP"]
[SourceTitle "EXT 2014"]
[Source "ChessBase"]
[SourceDate "2013.11.20"]
[SourceVersion "1"]
[SourceVersionDate "2013.11.20"]
[SourceQuality "1"]

1. c4 Nf6 2. Nc3 g6 3. g3 Bg7 4. Bg2 e5 5. d3 0-0 6. Nf3 Re8 7. 0-0 c6 8. Bg5 h6 9. Bxf6 Qxf6 10. Ne4 Qe7 11. c5 Na6 12. Nd6 Rd8 13. Qc2 Bf8 14. Rab1 Nxc5 15. Nxc8 Raxc8 16. Bh3 Bg7 17. Rfc1 Ne6 18. b4 a6 19. e3 d5 20. Nd2 f5 21. a3 Rc7 22. Qa2 Kh7 23. Rc2 Rf8 24. Rf1 g5 25. Qb1 g4 26. Bg2 f4 27. Re1 fxg3 28. fxg3 Qg5 29. Qc1 Rcf7 30. Nb3 Qg6 31. Qd1 h5 32. Rf1 Ng5 33. Rxf7 Rxf7 34. Rf2 Bh6 35. Rxf7+ Qxf7 36. Qe2 Nf3+ 37. Bxf3 gxf3 38. Qe1 d4 39. exd4 Qxb3 40. Qe4+ Kg7 41. Qxe5+ Kf8 42. Qf6+ Ke8 43. Qh8+ Kd7 44. Qh7+ Kc8 45. Qh8+ Kc7 46. Qe5+ Kd7 47. Qf5+ Qe6 48. Qh7+ Kd6 0-1